ნორმალური ფორმატი
MARC ფორმატი
ჩანაწერი Personal Name
ჩანაწერთა რაოდენობა, რომელიც გამოყენებულია: 1
001 - CONTROL NUMBER
- control field: 27257
003 - CONTROL NUMBER IDENTIFIER
- control field: GE_BSU
005 - DATE AND TIME OF LATEST TRANSACTION
- control field: 20260406173426.0
008 - FIXED-LENGTH DATA ELEMENTS
- fixed length control field: 260406|| aca||aabn | a|a d
040 ## - CATALOGING SOURCE
- Original cataloging agency: GE_BSU
- Transcribing agency: GE_BSU
100 ## - HEADING--PERSONAL NAME
- Personal name: მთ. რედ. შ. ლორთქიფანიძე ; , .
670 ## - SOURCE DATA FOUND
- Source citation: Work cat.: (GE_BSU)56589: ჯავახიშვილი, ი. (ივანე, 1876-1940) 11800, თხზულებანი : 12 ტომად. ტ. 10, ქართული და კავკასიური ენების თავდაპირველი ბუნება და ნათესაობა /
